02710njm a2200409Ia 450000100060000000300090000600500170001500800410003204000130007304000130008610000110009910000180011010000380012824500250016625000110019126000110020226000650021330000100027830000290028850000350031750506380035251100430099065000560103370000590108970001420114870000810129070000840137170001110145570000840156670001300165070000840178070000640186470000850192870000860201370000870209970001140218623946IT-RoPAU20220918181158.0131025s9999 xx 000 0 und d aIT-RoPAU cIT-RoPAU aAA.VV. eAutore musica gCodice autore musica SPICS: 12000 aMirage (Lp Vpas 898) a1a ed. aMILANO bVEDETTE RECORDSc1971 [1a Ed.:1971 - Ed. Lingua Orig.: 1971] aDISCO c35 minuti (Testo: pag.) aColonna sonora. Musica da film aTheme From Love Story (4:00) - Africa addio Theme From the Film (3:00) - Djamballà [(dal dilm Il dio serpente) (4:00)] - Love Is a Many-Splendored Thing [(dal film L'amore è una cosa meravigliosa) (3:00)] - Here's To You [(dal film Sacco e Vanzetti) (3:00)] - I Love You, Phil [(dal film Love Story) (3:00)] - Indian Love Call [(Canto d'amore indiano) (dal film Rosemarie) (3:00)] - Soldier Blue [(dal film Soldato Blu Soldato blu) (4:00)] - Tomorrow's Another Day (3:00) - Voyou la canaglia (3:00) - Snow Frolic [(dal film Love Story) (3:00)] - Morte a Venezia [(Adagietto dalla 5a sinfonia di Mahler) (dal film omonimo) (4:00)] aOrchestre Peter Hamilton & Dorsey Dodd aCOLONNA SONORA [DISCHI]eCodice MATERIA SPICS: 9950 aDodd DorseydCodice interprete SPICS: 8019eInterprete aLai FrancisdCodice autore musica SPICS: 10971eAutore musicapTheme From Love Story - I Love You, Phil - Voyou la canaglia - Snow Frolic aOrtolani RizdCodice autore musica SPICS: 11049eAutore musicapAfrica addio aMartelli AugustodCodice autore musica SPICS: 11006eAutore musicapDjamballà aDevilli (Curci Alberto)dCodice autore musica SPICS: 13392eAutore musicapLove Is a Many-Splendored Thing aFain SammydCodice autore SPICS: 14147eAutorepLove Is a Many-Splendored Thing aWebster Benjamin Francis (Ben)dCodice autore testo/musica SPICS: 14419eAutore testo/musicapLove Is a Many-Splendored Thing aMorricone EnniodCodice autore musica SPICS: 3535eAutore musicapHere's To You aBaez JoandCodice autore SPICS: 9679eAutorepHere's To You aFriml RudolfdCodice autore musica SPICS: 14252eAutore musicapIndian Love Call aSante-Marie BuffydCodice autore musica SPICS: 14253eAutore musicapSoldier Blue aTical H.dCodice autore musica SPICS: 13941eAutore musicapTomorrow's Another Day aMahler GustavdCodice autore musica SPICS: 4334eAutore musicapMorte a Venezia (Adagietto dalla 5a sinfonia)